000 01535nam a2200337Ia 4500
001 ebr10201122
003 CaPaEBR
006 m u
007 cr cn|||||||||
008 070215s2006 dcua sb 000 0 eng d
020 _z1597820326
020 _z9781597820325
040 _aCaPaEBR
_cCaPaEBR
035 _a(OCoLC)243615653
050 1 4 _aHD2346.L29
_bU64 2006eb
245 0 0 _aUpgrading to compete global value chains, clusters, and SMEs in Latin America
_h[electronic resource] /
_cCarlo Pietrobelli, Roberta Rabellotti, editors.
260 _aWashington, D.C. :
_bInter-American Development Bank ;
_a[Cambridge, MA] :
_bDavid Rockefeller Center for Latin American Studies, Harvard University,
_cc2006.
300 _axv, 330 p. :
_bill.
504 _aIncludes bibliographical references.
533 _aElectronic reproduction.
_bPalo Alto, Calif. :
_cebrary,
_d2009.
_nAvailable via World Wide Web.
_nAccess may be limited to ebrary affiliated libraries.
650 0 _aSmall business
_zLatin America.
650 0 _aSmall business
_zLatin America
_xGrowth
_vCase studies.
650 0 _aIndustrial clusters
_zLatin America.
650 0 _aCompetition
_zLatin America
_vCase studies.
650 0 _aIndustrial productivity
_zLatin America.
655 7 _aElectronic books.
_2local
700 1 _aPietrobelli, Carlo,
_d1959-
700 1 _aRabellotti, Roberta.
710 2 _aebrary, Inc.
856 4 0 _uhttp://site.ebrary.com/lib/rucke/Doc?id=10201122
_zAn electronic book accessible through the World Wide Web; click to view
999 _c120004
_d120004